Vybrané problémy spoločenskovedných disciplín a policajná prax

Bibliographic Details
Other Authors: Pospíšil, Rudolf (Compiler), Sedláček, Miroslav (Compiler)
Format: Book
Language:Slovak
PhysicalDescription:98 s. 20 cm
Published: Bratislava Inštitút pre výchovu a vzdelávanie SPPV FMV 1991
Subjects:

MARC

LEADER 00000nam a2200000 a 4500
001 vtls001308606
003 SK-MaSNL
005 20260301155747.0
008 180130s1991 xo a r 0 slo
020 |c b.c. 
035 |a SNK000260913 
040 |a SNK  |b slo  |c SNK  |e AACR2 
044 |a xo  |c SK 
080 |a 351.74:3(082)  |2 2. slo 
245 1 |a Vybrané problémy spoločenskovedných disciplín a policajná prax  |c [zostavili: Rudolf Pospíšil, Miroslav Sedláček] 
260 |a Bratislava  |b Inštitút pre výchovu a vzdelávanie SPPV FMV  |c 1991 
300 |a 98 s.  |c 20 cm 
650 0 7 |a vedy spoločenské  |x uplatnenie  |x polícia  |x zborníky  |2 SNK  |9 520410 
700 1 |a Pospíšil, Rudolf  |4 com  |9 281616 
700 1 |a Sedláček, Miroslav  |4 com  |9 520411 
999 |c 802549  |d 804479 
952 |t P60, <03>, [BOOK], {603}  |a SNK  |b SNK  |y PREZ  |7 0  |p 17A0264739  |o snkSD 71303  |i snkD 54/2001  |0 0  |1 0  |4 0  |d 2001-01-10  |l 0  |r 2005-01-02 00:00:00  |w 2026-02-24 
952 |t P60, <04>, [BOOK], {604}  |a SNK  |b SNK  |y VYP  |7 0  |p 17A0264867  |o snkSD 71303 D1  |i snkD 55/2001  |0 0  |1 0  |4 0  |d 2001-01-10  |l 0  |r 2005-01-02 00:00:00  |w 2026-02-24